| 000 | 00733cam a2200265 a 4500 | ||
|---|---|---|---|
| 001 | 7744 | ||
| 003 | BD-RjUL | ||
| 005 | 20211208234452.0 | ||
| 008 | 140115s1972 nyu 001 0 eng | ||
| 020 | _a0471241652 | ||
| 035 | _a(BD-RjUL)7788 | ||
| 040 |
_aLC _beng _cLC _dNSL:R _dBD-RjUL |
||
| 041 | _aeng | ||
| 082 | 0 | 0 |
_a512.2202453 _bENG 1972 |
| 100 | 1 |
_aEnglefield, M. J. _924148 |
|
| 245 | 1 | 0 |
_aGroup theory and the Coulomb problem / _cby M. J. Englefield. |
| 260 |
_aNew York : _bWiley-Interscience, _c1972. |
||
| 300 |
_aviii, 120 p. ; _c24 cm. |
||
| 504 | _aIncludes index. | ||
| 650 | 0 |
_aGroup theory. _920343 |
|
| 650 | 0 |
_aHarmonic analysis. _920535 |
|
| 942 |
_2ddc _cBK |
||
| 999 |
_c7744 _d7744 |
||